00513nam a22001457a 450000500170000002000180001708200170003510000250005224500860007726000480016330000190021194200120023099900190024295201060026120250912131745.0 a9780143472131 a350.1 SHA/DE aShah, Jasmine 91352 aThe Delhi model:ba bold new road to building a developed India/cby Jasmine Shah a. - Haryanab: Penguin random housec, 2024 axxii+334 pages 2ddccBK c751328d751328 00102ddc4070aPOLbPOLd2025-03-01l0o350.1 SHA/DEpPOL23769r2025-09-12 14:00:10w2025-09-12yBK